Uma Aventura a Caminho de Casa (Registo nº 4708)
[ vista simples ]
| 000 -Etiqueta do registo | |
|---|---|
| Cabeçalho | 00882nam 22002533 4500 |
| 010 ## - Número internacional normalizado dos livros (ISBN) | |
| Número (ISBN) | 9789897800641 |
| 100 ## - Dados gerais de processamento | |
| Dados gerais de processamento | 20260212d20192024u||y0pory50 ba |
| 101 ## - Língua de publicação | |
| Língua do texto, banda sonora, etc. | Português |
| Língua do documento no original | Inglês |
| 102 ## - Pais de publicação ou produção | |
| País de publicação | Reino Unido |
| 200 1# - Titulo e menção de responsabilidade | |
| Título próprio | Uma Aventura a Caminho de Casa |
| Primeira menção de responsabilidade | Enid Blyton |
| Outras menções de responsabilidade | il. Tony Ross |
| -- | trad. Eugénia Antunes |
| 205 ## - Menção da edição | |
| Menção da edição | 6.ª |
| 210 ## - Publicação, Distribuição, etc. | |
| Lugar da edição, distribuição, etc. | Alfragide |
| Nome do editor, distribuidor, etc. | Oficina do Livro |
| Data da publicação, distribuição, etc. | 2024 |
| 215 ## - Descrição física | |
| Indicação específica da natureza do documento e extensão da espécie | 78, [1]p |
| Outras indicações físicas | il. |
| 225 1# - Colecção | |
| Título próprio da colecção | Os (Mini) Sete - Uma Aventura a caminho de casa |
| Título paralelo da colecção | Adventure on the Way Home |
| Número de uma parte ou secção | 1 |
| 330 ## - Sumário ou Resumo | |
| Texto da nota | Os Sete avistam uma enorme e misteriosa rixa, dentro de um edifício sombrio e decidem pôr-lhe um ponto final, antes que alguém se magoe a sério.<br/>Mas, afinal, o que se passará ali?<br/> |
| 510 1# - Título paralelo | |
| Título paralelo | Adventure on the Way Home |
| 675 ## - Classificação Decimal Universal (CDU) | |
| Notação | 821.111 |
| Edição | 3ª ed. |
| Língua da edição | por |
| 700 #1 - Nome de autor-pessoa física (responsabilidade principal) | |
| Palavra de ordem | Blyton |
| Outra parte do nome não tomada para palavra de ordem | Enid |
| 942 ## - Elementos de entrada adicionados (Koha) | |
| Tipo de item no Koha | Livro |
| 990 ## - Elementos KOHA | |
| Koha item type | Livro |
| Suppress in OPAC | Escondido |
| 994 ## - Estado da catalogação | |
| Situação | PARA CORRIGIR |
| Situação do levantamento | Nº de registo manual | Origin of item (home branch) (coded) | Biblioteca de empréstimo | Lending or holding organisation (holding branch) code | Código de barras | Cota | Circulation type (not for loan) | Tipo de documento | Damaged status |
|---|---|---|---|---|---|---|---|---|---|
| 20862 | Biblioteca Escolar da Coca Maravilhas | Biblioteca Escolar da Coca Maravilhas | Biblioteca Escolar da Coca Maravilhas | BECM20862 | 8AM BLY | Livro |
